| 000 | 00657nam a22001937a 4500 | ||
|---|---|---|---|
| 005 | 20250613120442.0 | ||
| 010 | _aENG-145335 | ||
| 020 |
_a9788195742837 _c995.00 |
||
| 035 | _aEN-128867 | ||
| 037 | _bDBAD | ||
| 082 | _a133.5861 | ||
| 100 |
_aTiwari, Narendra _982005 |
||
| 245 |
_aMedical astrology : _cby Narendra Tiwari _ba treatise on medical astrology & diagnosis from horoscope / |
||
| 260 |
_aGhaziabad _bKanhya Publisher _c2022 |
||
| 270 |
_aGround Floor,260 Shaktikhand III, Indirapuram _bGhaziabad _e201010 |
||
| 300 |
_a222p. _c22cm(pb) |
||
| 500 | _aIncludes bibliographical references | ||
| 942 |
_2ddc _cEN _mTIW _h133.5861 |
||
| 999 |
_c211791 _d211791 |
||